Statistiche per Capocannonieri Serie A

Clicka qui per fare il quiz!

Statistiche generali

  • Questo quiz è stato fatto 1.947 volte
    (1.609 dall'ultimo reset)
  • Il punteggio medio è 32 su 58

Statistiche sulle risposte

StagioneGiocatoreRetiSquadra% Corretto
2019/20Immobile36Lazio
98%
-Immobile29Lazio
98%
2020/21Cristiano Ronaldo29Juventus
97%
2013/14Immobile22Torino
97%
2006/07Totti26Roma
94%
2015/16Higuain36Napoli
92%
2018/19Quagliarella26Sampdoria
92%
2007/08Del Piero21Juventus
91%
2010/11Di Natale28Udinese
90%
2009/10Di Natale29Udinese
90%
2017/18Icardi29Inter
88%
2014/15Icardi22Inter
88%
-Toni22Hellas Verona
84%
2005/06Toni31Fiorentina
84%
2012/13Cavani29Napoli
83%
2016/17Dzeko29Roma
82%
2011/12Ibrahimovic28Milan
82%
2008/09Ibrahimovic25Inter
82%
1996/97Inzaghi24Atalanta
71%
1994/95Batistuta26Fiorentina
70%
1991/92Van Basten25Milan
70%
1989/90Van Basten19Milan
70%
2002/03Vieri24Inter
70%
1987/88Maradona15Napoli
69%
1969/70Riva21Cagliari
69%
1999/00Shevchenko24Milan
65%
2003/04Shevchenko24Milan
65%
-Trezeguet24Juventus
64%
1990/91Vialli17Sampdoria
62%
1984/85Platini18Juventus
59%
1982/83Platini16Juventus
59%
1983/84Platini20Juventus
59%
1977/78Rossi24Vicenza
53%
2004/05Lucarelli24Livorno
45%
2000/01Crespo26Lazio
40%
-Rivera17Milan
36%
1993/94Signori23Lazio
34%
1992/93Signori26Lazio
34%
1995/96Signori24Lazio
34%
2001/02Hubner24Piacenza
30%
1985/86Pruzzo19Roma
28%
1981/82Pruzzo15Roma
28%
1980/81Pruzzo18Roma
28%
1997/98Bierhoff27Udinese
27%
1976/77Graziani21Torino
26%
1970/71Boninsegna24Inter
21%
1971/72Boninsegna22Inter
21%
-Protti24Bari
21%
1975/76Pulici21Torino
21%
1974/75Pulici18Torino
21%
-Pulici17Torino
21%
1979/80Bettega16Juventus
19%
1973/74Chinaglia24Lazio
17%
1998/99Amoroso22Udinese
16%
1988/89Serena22Inter
15%
1986/87Virdis17Milan
13%
1978/79Giordano19Lazio
12%
1972/73Savoldi17Bologna
8%

Distribuzione punteggi

Percentile per numero di risposta

Percentuale di utenti per punteggio

I tuoi punteggi nel tempo

Non hai fatto questo quiz dall'ultimo reset